000 00290nam a22001217a 4500
008 190313b xxu||||| |||| 00| 0 eng d
041 _aeng
080 _a043.3
100 _a0
101 _aSHKI-BA
245 _aPërdorimi dhe Implementimi i Augmented Reality
_cMulla,A
942 _2udc
_cBK
999 _c54738
_d54738